| 000 | 00764 a2200277 4500 | ||
|---|---|---|---|
| 005 | 20260210111339.0 | ||
| 008 | 260206b |||||||| |||| 00| 0 eng d | ||
| 020 |
_a9781284322378 _c$ 160.00 |
||
| 040 | _aMAIN | ||
| 082 |
_a579 _bP942K(7) |
||
| 100 | _aProcop, Gary W | ||
| 245 | _aKoneman's color atlas and textbook of diagnostic microbiology | ||
| 250 | _a7th | ||
| 260 |
_bJones and Bartlett Publishers _c2017 _aAmerica |
||
| 300 | _av. | ||
| 650 | _aMicrobiology | ||
| 650 | _aDiagnostic Microbiology | ||
| 650 | _aMicroorganisms | ||
| 700 | _aChurch, Deirdre L | ||
| 700 | _aHall, Geraldine S | ||
| 700 | _aJanda, William M | ||
| 700 | _aKoneman, Elmer W | ||
| 700 | _aSchreckenberger, Paul C | ||
| 700 | _aWoods, Gail L | ||
| 942 | _cBK | ||
| 999 |
_c394045 _d394045 |
||